000 00452nam a2200169Ia 4500
008 090711s9999 xx 000 0 und d
082 _b75591
100 _aइरेश स्वामी
245 _aहेलपाटा
260 _c1994
300 _a128
600 _aइरेश स्वामी
630 _aहेलपाटा
700 _aइरेश स्वामी
730 _aहेलपाटा
942 _cBOOK
999 _c306403
_d306403